| Tag |
First Indicator |
Second Indicator |
Subfields |
| LEADER |
00000cgm a2200000Mi 4500 |
| 001 |
in00005556607 |
| 006 |
m o c |
| 007 |
cr |n||||||||a |
| 007 |
vz |za|z| |
| 008 |
240701s2003 nyu012 e o vneng d |
| 005 |
20241201230948.9 |
| 035 |
|
|
|a (OCoLC)on1451752058
|
| 040 |
|
|
|a ALSTP
|b eng
|e rda
|c ALSTP
|d OCLCO
|d DXU
|
| 019 |
|
|
|a 1455131196
|
| 035 |
|
|
|a (OCoLC)1451752058
|z (OCoLC)1455131196
|
| 049 |
|
|
|a TXAM
|
| 245 |
0 |
0 |
|a 60 minutes II.
|p Friendly fire /
|c produced by Mary Walsh.
|
| 246 |
3 |
3 |
|a Sixty minutes II.
|p Friendly fire
|
| 246 |
3 |
0 |
|a Friendly fire
|
| 264 |
|
1 |
|a New York, NY :
|b Columbia Broadcasting System (CBS),
|c 2003.
|
| 300 |
|
|
|a 1 online resource (12 minutes)
|
| 306 |
|
|
|a 001124
|
| 336 |
|
|
|a two-dimensional moving image
|b tdi
|2 rdacontent
|
| 337 |
|
|
|a computer
|b c
|2 rdamedia
|
| 337 |
|
|
|a video
|b v
|2 rdamedia
|
| 338 |
|
|
|a online resource
|b cr
|2 rdacarrier
|
| 347 |
|
|
|a video file
|2 rdaft
|
| 490 |
0 |
|
|a 60 Minutes II
|
| 511 |
0 |
|
|a Reporter, David Martin.
|
| 588 |
0 |
|
|a Title from resource description page (viewed July 01, 2024).
|
| 520 |
|
|
|a A report on the wartime problem of fratricide, killing our own American soldiers by mistake. Includes interviews with: Sheila Harriman, whose husband Stanley was killed by friendly fire during an assault last March on an al-Qaida stronghold; Gen. Gordon Sullivan, retired; and Major Gen. Paul Eaton, infantry training school commander, Ft. Benning, GA.
|
| 546 |
|
|
|a In English.
|
| 650 |
|
0 |
|a Friendly fire (Military science)
|
| 651 |
|
0 |
|a United States
|x Armed Forces.
|
| 650 |
|
6 |
|a Tirs fratricides (Science militaire)
|
| 651 |
|
6 |
|a États-Unis
|x Forces armées.
|
| 655 |
|
7 |
|a Television news programs.
|2 lcgft
|
| 655 |
|
7 |
|a Téléjournaux.
|2 rvmgf
|
| 700 |
1 |
|
|a Walsh, Mary
|c (Television producer),
|e producer.
|
| 700 |
1 |
|
|a Martin, David C.,
|e on-screen presenter,
|e interviewer.
|
| 710 |
2 |
|
|a CBS News,
|e production company.
|
| 710 |
2 |
|
|a CBS Corp.,
|e publisher.
|
| 730 |
0 |
|
|i In series:
|a 60 minutes II (Television program)
|
| 856 |
4 |
0 |
|u http://proxy.library.tamu.edu/login?url=https://www.aspresolver.com/aspresolver.asp?MARC;5571345
|z Connect to this streaming video (Alexander Street Press)
|t 0
|
| 955 |
|
|
|a Alexander Street Press subscription streaming video
|
| 994 |
|
|
|a 92
|b TXA
|
| 999 |
f |
f |
|s 8415d2ad-9e87-40ee-acd2-5d83e6cb4a68
|i 2bb861db-b0b6-43a6-b51f-ed653992d876
|t 0
|
| 952 |
f |
f |
|a Texas A&M University
|b College Station
|c Electronic Resources
|d Available Online
|t 0
|h Library of Congress classification
|
| 998 |
f |
f |
|t 0
|l Available Online
|